000 00562nam 22001813 4500
001 201679
090 _a201679
100 _a20260408d u||y0pory50 ba
200 _aMatilde Rosa Araújo
_ftextos José António Gomes...[et. al]
205 _a
210 _aPorto
_cLivraria Civilização Editora
_d1995
215 _a46 p.
_cbrochado
_d30 cm
225 _aUma pequenina luz brusuleante
606 _911269
_aQuestões gerais em linguística e literatura. Filologia
675 _a82.09
_vPT
_zpor
801 _aPT
_bBMMN
_gRPC
830 _cFernando
_fFernando
990 _cLIVROS